00365 a2200109 4500001001000000005001700010008004100027245008900068100002300157773005800180999001700238ART_1066120260410161718.0260409a 10aCuestiones vinculadas a las diferencias entre el acto administrativo y el reglamento1 aHalperin, David A.0 tDerecho administrativog- NÂș 79 (feb. 2012)wREV1721 c16690d16690